Movies Quiz

Random Movies or Alphabet Quiz

Top Grossing 'R' Movies Quiz Stats

 Plays Quiz Updated Mar 20, 2019

Score 0/21 Timer 05:00
11 Plays Today
% Correct
The Rock
93.9%
Ratatouille
91.2%
Rocky IV
88%
Robin Hood: Prince of Thieves
85.8%
Robin Hood
85.7%
Raiders of the Lost Ark
85.2%
The Revenant
82.2%
Rio
81.1%
Rambo: First Blood Part II
81.1%
Rain Man
78.9%
Rio 2
77%
% Correct
Rush Hour 2
73.3%
Rise of the Planet of the Apes
72.7%
Rogue One
71.1%
Runaway Bride
61.8%
Ready Player One
57.5%
Rampage
56.3%
Ralph Breaks the Internet
56.1%
Ransom
40.4%
Rise of the Guardians
33.4%
Resident Evil: The Final Chapter
31.7%

You're not logged in!

Compare scores with friends on all Sporcle quizzes.
OR
Log In

Show Comments

Extras

Top Quizzes Today


Score Distribution

Your Account Isn't Verified!

In order to create a playlist on Sporcle, you need to verify the email address you used during registration. Go to your Sporcle Settings to finish the process.

Report this User

Report this user for behavior that violates our Community Guidelines.

Details: